Practical pharmaceutical organic chemistry I and II for second and third semesters bachelor of pharmacy (Record no. 311752)

MARC details
000 -LEADER
fixed length control field 00606 a2200205 4500
005 - DATE & TIME
control field 20240613111308.0
008 - FIXED-LENGTH DATA ELEMENTS--GENERAL INFORMATION
fixed length control field 240612b |||||||| |||| 00| 0 eng d
020 ## - ISBN
International Standard Book Number 9789354664977
Price Rs. 250.00
040 ## - CATALOGING SOURCE
Original cataloging agency VIVEKANANDA LIBRARY
082 ## - DDC NUMBER
Classification number 615.19
Book Number N34P
100 ## - MAIN ENTRY--PERSONAL NAME
Personal name Nema, Rajesh Kumar
245 ## - TITLE STATEMENT
Title Practical pharmaceutical organic chemistry I and II for second and third semesters bachelor of pharmacy
260 ## - PUBLICATION, DISTRIBUTION, ETC. (IMPRINT)
Name of publisher, distributor, etc CBS Publishers
Date of publication, distribution, etc 2023
Place of publication, distribution, etc New Delhi
300 ## - PHYSICAL DESCRIPTION
Pages xvi, 143
650 ## - Subject
Subject Pharmacy
650 ## - Subject
Subject Pharmaceutical Science
650 ## - Subject
Subject Organic Chemistry
700 ## - Added Entry Personal Name
Added Entry Personal Name Sahu, Anjali
942 ## - ADDED ENTRY ELEMENTS (KOHA)
Koha item type Books
Holdings
Withdrawn status Lost status Source of classification or shelving scheme Damaged status Not for loan Location (home branch) Sublocation or collection (holding branch) Shelving location Date acquired Koha issues (times borrowed) Koha full call number Accession No. Koha date last seen Koha item type
    Dewey Decimal Classification     VIVEKANANDA LIBRARY VIVEKANANDA LIBRARY Vivekananda Library 14/03/2024   615.19 N34P 440561 14/03/2024 Books
© Designed and Maintained by Vivekananda Library, MDU Rohtak